|
|
|
|
| LEADER |
00000nab a2200000 a 4500 |
| 001 |
vtls000370208 |
| 003 |
SK-MaSNL |
| 005 |
20260303184809.0 |
| 008 |
111202c1988 xo 0 slo |
| 015 |
|
|
|a SNBRA19rr/mm-uuuuu
|
| 035 |
|
|
|a CL0370330
|
| 040 |
|
|
|a SNKBUCL
|b slo
|c SNKBUCL
|e AACR2
|
| 041 |
0 |
|
|a slo
|
| 044 |
|
|
|a xo
|c SK
|
| 080 |
|
|
|a 625.731.042:551.525
|2 1981
|
| 080 |
|
|
|a 551.525
|2 1981
|
| 100 |
1 |
|
|a Čorej, Ján,
|d 1942-
|4 aut
|9 101366
|
| 245 |
1 |
0 |
|a Sledovanie teplotného režimu vozoviek s novými druhmi podkladných vrstiev
|c Ján Čorej, Ján Čelko
|
| 300 |
|
|
|b Obr. 1. Tb. 1. Grafy 4., lit. 4 zázn. v slov.
|
| 650 |
0 |
7 |
|a vozovky
|2 snkbucl
|9 3577
|
| 655 |
|
7 |
|a články zo zborníkov
|2 snkbucl
|9 166140
|
| 700 |
1 |
|
|a Čelko, Ján,
|d 1959-
|4 aut
|9 9652
|
| 773 |
0 |
|
|t Regulovanie a zlepšovanie teplotného režimu vozoviek
|d Bratislava : Dom techniky ČSVTS, 1988
|g S. 38-40
|
| 850 |
|
|
|a Slovenská národná knižnica v Martine
|a MTA001
|
| 852 |
|
|
|a SNK
|b KIS3GCP
|
| 958 |
|
|
|a RK
|
| 992 |
|
|
|a RZB
|
| 999 |
|
|
|c 2128213
|d 2130143
|